Основи політології (Запис № 344226)

МАРК-запис
000 -Лідер
fixed length control field 00709nam a22002417a 4500
001 - Контрольний номер
control field 58140
003 - Ідентифікатор контрольного номера
control field UA-OsUOA
005 - Дата та час останнього входження (трансакції)
control field 20200419232231.0
007 - Фіксоване поле фізичного опису
fixed length control field ta
008 - Елементи даних фіксованої довжини – загальна інформація
fixed length control field 20090127b un ||||| |||| 00| 0 ukr d
020 ## - Міжнародний стандартний книжковий номер (ISBN)
Міжнародний стандартний книжковий номер (ISBN) (НП) 532500462Х
040 ## - Джерело каталогізації
Агенція оригінальної каталогізації UA-OsUOA
Мова каталогізації ukr
Агенція, яка здійснювала перезапис UA-OsUOA
Агенція, яка здійснювала модифікацію UA-OsUOA
041 ## - Код мови
Код мови тексту/ звукової доріжки чи окремого заголовка (П) ukr
080 ## - Індекс Універсальної десяткової класифікації
Індекс Універсальної десяткової класифікації (УДК) (НП) 32(075.8)
090 ## - Локальний шифр розміщення
Класифікаційний індекс УДК 32(075.8)
Авторський знак (НП) О-75
245 ## - Відомості про назву
Назва (НП) Основи політології
Решта назви (НП) навч. посіб.
Дані про відповідальність (НП) керівник авт. кол. Ф. М. Кирилюк
260 ## - Публікація, розповсюдження і т.п. (Вихідні дані)
Місце публікації, розповсюдження і т.п. (П) К.
Ім’я/ наймення видавництва, розповсюджувача і т.п. (П) Либідь
Дата публікації, розповсюдження і т.п. (П) 1995
300 ## - Фізичний опис
Обсяг 336 с.
650 #7 - Додаткове предметне введення – тематичний термін
Тематичний термін чи географічна назва, як елемент введення (НП) 32 Політика
Джерело заголовка чи терміна UDC
942 ## - Додаткові елементи входу (Коха)
Тип елемента Koha Книги
Source of classification or shelving scheme Universal Decimal Classification
955 ## - Код типу видання за змістом
Код типу видання за змістом (НП) Навчальні видання
Фонди
Стан вилучень Стан втрат Джерело класифікації або схеми стелажів Стан уражень Не для кредиту Постійне місце розташування Поточне розміщення Дата придбання Вартість, звичайна ціна покупки Інвентарний номер Усього замовленно Повний номер виклику Штрих-код Дата останнього перегляду Ціна ефективна від Тип елемента Koha Усього утримується Джерело придбання
    Universal Decimal Classification     АБ - Абонемент НБ АБ - Абонемент НБ 20/07/2006   6768   32(075.8) О-75 6768 09/05/2022 29/01/2004 Книги 1  
    Universal Decimal Classification     АБ - Абонемент НБ АБ - Абонемент НБ 27/08/2012   6769   32(075.8) О-75 6769 19/11/2021 29/01/2004 Книги    
    Universal Decimal Classification     АБ - Абонемент НБ АБ - Абонемент НБ 20/07/2006   6770   32(075.8) О-75 6770 19/11/2021 29/01/2004 Книги    
    Universal Decimal Classification     АБ - Абонемент НБ АБ - Абонемент НБ 20/07/2006   6771   32(075.8) О-75 6771 19/11/2021 29/01/2004 Книги    
    Universal Decimal Classification     АБ - Абонемент НБ АБ - Абонемент НБ 20/07/2006   6772   32(075.8) О-75 6772 19/11/2021 29/01/2004 Книги 1  
    Universal Decimal Classification     АБ - Абонемент НБ АБ - Абонемент НБ 20/07/2006   6773   32(075.8) О-75 6773 19/11/2021 29/01/2004 Книги 1  
    Universal Decimal Classification     АБ - Абонемент НБ АБ - Абонемент НБ 27/08/2012   6774   32(075.8) О-75 6774 19/11/2021 29/01/2004 Книги    
    Universal Decimal Classification     АБ - Абонемент НБ АБ - Абонемент НБ 20/07/2006   6779   32(075.8) О-75 6779 19/11/2021 29/01/2004 Книги    
    Universal Decimal Classification     АБ - Абонемент НБ АБ - Абонемент НБ 20/07/2006   6789   32(075.8) О-75 6789 19/11/2021 29/01/2004 Книги    
    Universal Decimal Classification     АБ - Абонемент НБ АБ - Абонемент НБ 20/07/2006   6792   32(075.8) О-75 6792 22/11/2021 29/01/2004 Книги    
    Universal Decimal Classification     АБ - Абонемент НБ АБ - Абонемент НБ 20/07/2006   6793   32(075.8) О-75 6793 09/05/2022 29/01/2004 Книги    
    Universal Decimal Classification     АБ - Абонемент НБ АБ - Абонемент НБ 27/01/2009 19.00 118880   32(075.8) О-75 118880 19/11/2021 27/01/2009 Книги   19/2009
    Universal Decimal Classification     ЧЗ - Читальна зала ЧЗ - Читальна зала 29/01/2004 5.00 64443   32(075.8) О-75 64443 07/02/2022 29/01/2004 Книги    
    Universal Decimal Classification     ЧЗ - Читальна зала ЧЗ - Читальна зала 29/01/2004 5.00 64444   32(075.8) О-75 64444 07/02/2022 29/01/2004 Книги    
    Universal Decimal Classification     ЧЗ - Читальна зала ЧЗ - Читальна зала 29/01/2004 62.25 64445   32(075.8) О-75 64445 07/02/2022 29/01/2004 Книги